Visualizzazione normale
Vista MARC
- Roig, Arturo Andrés,
di Personal Name
Records bibliografici associati: 1
001 - CONTROL NUMBER
- control field: 38418
003 - CONTROL NUMBER IDENTIFIER
- control field: IT-RoINE
005 - DATE AND TIME OF LATEST TRANSACTION
- control field: 20170911103836.0
008 - FIXED-LENGTH DATA ELEMENTS
- fixed length control field: 170911|| aca||aabn | a|a d
040 ## - CATALOGING SOURCE
- Original cataloging agency: IT-RoINE
- Transcribing agency: IT-RoINE
100 ## - HEADING--PERSONAL NAME
- Personal name: Roig, Arturo Andrés,
- Dates associated with a name: 1922-2012
670 ## - SOURCE DATA FOUND
- Source citation: Work cat.: (IT-RoINE)0: El pensamiento social y político iberoamericano del siglo XIX / , D.L. 2000.